000
00202 a2200097 4500
001
42664
100
_a
Ehrman
245
_a
Grand strategy
260
_a
London
_b
Her majesty's
_c
090
_c
26559
_d
26559
942
_a
NUST-CAE
_c
M
_c
18401
999
_c
277737
_d
277737